000 00606nam a22002057a 4500
005 20260523154924.0
008 260523b |||||||| |||| 00| 0 eng d
020 _a9789360286996
_c495.00
040 _aMAIN
041 _aEnglish
082 _a581.95496
_bUNI
100 _aUniyal, B.P.
_95060
245 _aSupplement to the Flowering Plants of Uttarakhand
260 _aDehradun
_bBishan Singh Mahindra Pal Singh
_c2025
300 _a64
650 _aUttarakhand Collection : Himalaya Collection
_913
700 _aKandwal, Manish
_926906
700 _aUniyal, Sanjay Kumar
_926907
942 _cBK
999 _c60878
_d60878